Atlas of southern England (Record no. 116827)
[ view plain ]
| 000 -LEADER | |
|---|---|
| fixed length control field | 01048cem a22001935a 4500 |
| 001 - CONTROL NUMBER | |
| control field | L140307 |
| 008 - FIXED-LENGTH DATA ELEMENTS--GENERAL INFORMATION | |
| fixed length control field | 070917s1966 xxk b l 0 aeng u |
| 035 ## - SYSTEM CONTROL NUMBER | |
| System control number | (Sirsi) u140307 |
| 041 0# - LANGUAGE CODE | |
| Language code of text/sound track or separate title | eng |
| 110 2# - MAIN ENTRY--CORPORATE NAME | |
| Corporate name or jurisdiction name as entry element | London (Greater London Council) |
| Location of meeting | 1965-1986 |
| 245 00 - TITLE STATEMENT | |
| Title | Atlas of southern England |
| Medium | [cartographic material] |
| 255 ## - CARTOGRAPHIC MATHEMATICAL DATA | |
| Statement of scale | Scale 1:625000 |
| 260 ## - PUBLICATION, DISTRIBUTION, ETC. | |
| Place of publication, distribution, etc. | London |
| Name of publisher, distributor, etc. | GLC Department of Architecture and Civic Design |
| Date of publication, distribution, etc. | 1966 |
| 300 ## - PHYSICAL DESCRIPTION | |
| Extent | 23 maps |
| Other physical details | bound |
| Dimensions | 46 x 66 cm. |
| 500 ## - GENERAL NOTE | |
| General note | Maps show: roads; railways; liner trains; railway accessibility; ports; Ministry of Labour boundaries; unemployment; major stores; hierarchy of shopping centres; shopping hinterland populations; overspill; regional hospital boards; local authority boundaries; relative sizes of urban units; population decrease; population increase; standard regions; economic planning regions; conservation areas; theatres; water; electricity; gas. |
| 651 4# - SUBJECT ADDED ENTRY--GEOGRAPHIC NAME | |
| Geographic name | London |
| 690 ## - LOCAL SUBJECT ADDED ENTRY--TOPICAL TERM (OCLC, RLIN) | |
| Topical term or geographic name as entry element | ENVIRONMENTAL AND LAND CONSULTANCY-GEOMATICS-MAPPING AND POSITIONING-CARTOGRAPHY |
| 942 ## - ADDED ENTRY ELEMENTS (KOHA) | |
| Suppress in OPAC | 0 |
| Withdrawn status | Lost status | Source of classification or shelving scheme | Damaged status | Not for loan | Home library | Current library | Shelving location | Date acquired | Total Checkouts | Full call number | Barcode | Date last seen | Copy number | Price effective from | Koha item type |
|---|---|---|---|---|---|---|---|---|---|---|---|---|---|---|---|
| Dewey Decimal Classification | Historic collection | Historic collection | Historic collection | 17/09/2007 | MAP CABINET DRAWER 10 | 140307-2001 | 06/08/2019 | 1 | 06/08/2019 | Archive |